000 00577nam a22002057a 4500
003 koha_MIRAKIL
005 20231213100046.0
008 231213b |||||||| |||| 00| 0 ||| d
020 _b978-9-75072343-8
040 _aTR-IsEVY
_btur
_cTR-IsEVY
082 _aFIC TOH/Y
100 _aTohumcu, Aslı.
245 0 _aYalancı cennet
250 _a1. bs.
260 _bCan Çocuk Yayınları,
_c2014
300 _a129 s.
650 _aChildren's literature -- Stories, Turkish -- Adventure.
650 _aÇocuk edebiyatı -- Hikaye, Türk -- Serüven.
942 _2ddc
_cBK
999 _c13830
_d13830